| 000 | 00583cam a2200205 4500 | ||
|---|---|---|---|
| 008 | 090401t1973 xxu||||| |||| 00| 0 eng d | ||
| 020 | _a0094591202 | ||
| 035 | _a(Sirsi) u13102 | ||
| 041 | _aeng | ||
| 050 | _a526.902462 | ||
| 100 | _aClark, David | ||
| 245 | _aPlane and geodetic surveying. Vol 2: Higher surveying revised and largely rewritten by J E Jackson | ||
| 250 | _a6th Rev | ||
| 260 |
_aLondon _bConstable _c1973 |
||
| 300 | _a(12) 292p. ill. 23cm.Bibl, index | ||
| 350 | _a2.5 | ||
| 520 | _aWith answers, previous ed: 1963 | ||
| 942 | _n0 | ||
| 948 | _c04/03/1997 | ||
| 999 |
_c87056 _d87056 |
||